It looks like you're offline.
Open Library logo
additional options menu

MARC record from Internet Archive

LEADER: 01795cam 2200517 a 4500
001 ocm15628432
003 OCoLC
005 20180403231000.0
008 870416s1987 pau 001 0 eng
010 $a 87010006
040 $aDLC$beng$cDLC$dBTCTA$dYDXCP$dAU@$dDEBBG$dKIJ$dGBVCP$dOCLCO$dOCLCF$dOCLCQ
019 $a59979531
020 $a0830678905
020 $a9780830678907
020 $a0830628908$q(pbk.)
020 $a9780830628902$q(pbk.)
035 $a(OCoLC)15628432$z(OCoLC)59979531
050 00 $aQA76.73.C15$bB56 1987
082 00 $a005.13/3$220
082 00 $a004.13/3$219
100 1 $aBloom, Eric P.
245 14 $aThe C trilogy :$ba complete library for C programmers /$cEric P. Bloom.
250 $a1st ed.
260 $aBlue Ridge Summit, PA :$bTAB Books,$c℗♭1987.
300 $aviii, 588 pages ;$c24 cm
336 $atext$btxt$2rdacontent
337 $aunmediated$bn$2rdamedia
338 $avolume$bnc$2rdacarrier
500 $aIncludes indexes.
505 0 $aC primer -- C reference manual -- C toolbox library.
650 0 $aC (Computer program language)
650 7 $aC (Computer program language)$2fast$0(OCoLC)fst00843279
650 07 $aC (Programmiersprache)$2swd
653 0 $aC (Computer program language)
776 08 $iOnline version:$aBloom, Eric P.$tC trilogy.$b1st ed.$dBlue Ridge Summit, PA : TAB Books, ℗♭1987$w(OCoLC)681044180
938 $aBaker and Taylor$bBTCP$n87010006 //r89$c$31.95
938 $aYBP Library Services$bYANK$n807145
029 1 $aAU@$b000005387331
029 1 $aDEBBG$bBV009225783
029 1 $aDEBBG$bBV021882088
029 1 $aGBVCP$b016726537
029 1 $aNLGGC$b03791541X
029 1 $aNZ1$b3330917
029 1 $aYDXCP$b807145
994 $aZ0$bPMR
948 $hNO HOLDINGS IN PMR - 176 OTHER HOLDINGS